01462nam a2200277 a 450000500170000000800410001701500170005802000180007504000240009304100080011704300120012509000140013710000420015124500890019326000830028230000470036552004410041265000230085365000410087665100190091770000260093694200130096294900160097599900170099195201760100820170127145017.0050619s2007 ck jr 0001ddspa d ack-2007-xxxx a9789587045376 aCO-BoBLA cCO-BoBLA0 aspa ae-sp--- aI-ALFb02 aSierra i Fabra, Jordi, d1947-eautor13aEl camino de las siete lunas / cJordi Sierra i Fabra ; ilustraciones Carlo Guillot.3 aBogotá : bDistribuidora y Editora Aguilar, Altea, Taurus, Alfaguara,c2007. a125 paginas: bilustraciones c20 x 11 cm.3 aUn violín pierde una cuerda y los encargados de reemplazarla serán dos protagonistas que tendrán que enfrentarse a siete particulares lunas. Ellas les demostraran que para conseguir lo que se desea, solo es necesario un poco de paciencia, algo de determinación y mucha, mucha música. .. Una obra de teatro que involucrara a las áreas artísticas y creativas y que pondrá a los niños a hacer divertidas representaciones. 4aMúsicav Teatro. 4aTeatro escolar e infantil espánol. aLunav Teatro.12aGuillot, Carlo, eil. 2zcLIBRO an bn c19240d19240 00102z40708INFANTILIINV2017aBogotabBogotad2017-01-27eInstitutog20000.00l1oI-ALF-02p042366r2018-01-29 00:00:00s2018-01-29tEj. 1w2017-01-27xDonacionyLIBRO